Spôsoby napínania pílových kotúčov

Bibliographic Details
Main Authors: Svoreň, Ján, 1951- (Author), Šimko, Ján, 1952- (Author), Lisičan, Jozef, 1927- (Author)
Format: Article
Language:Slovak
PhysicalDescription:Obr. 2., lit. 12 zázn. v češ., ruš., angl., nem.
Subjects:

MARC

LEADER 00000nab a2200000 a 4500
001 vtls000244043
003 SK-MaSNL
005 20260303235721.0
008 160204c1986 xo 0 slo
015 |a SNBRB19rr/mm-uuuuu 
035 |a CL0254157 
040 |a SNKBUCL  |b slo  |c SNKBUCL  |e AACR2 
041 0 |a slo 
044 |a xo  |c SK 
080 |a 621.934  |2 1981 
080 |a 674.053  |2 1981 
100 1 |a Svoreň, Ján,  |d 1951-  |4 aut  |9 205033 
245 1 0 |a Spôsoby napínania pílových kotúčov  |c Ján Svoreň, Ján Šimko, Jozef Lisičan 
300 |b Obr. 2., lit. 12 zázn. v češ., ruš., angl., nem. 
650 0 7 |a píly (nástroje)  |2 snkbucl  |9 18152 
650 0 7 |a kotúče pílové  |2 snkbucl  |9 921749 
655 7 |a články z novín a časopisov  |2 snkbucl  |9 267496 
700 1 |a Šimko, Ján,  |d 1952-  |4 aut  |9 38699 
700 1 |a Lisičan, Jozef,  |d 1927-  |4 aut  |9 38278 
773 0 |t Drevo  |g Roč. 41, č. 3 (1986), s. 57-58, 62 
850 |a Slovenská národná knižnica v Martine  |a MTA001 
852 |a SNK  |b KIS3GCP 
958 |a NB 
958 |a RK 
992 |a RBX 
999 |c 2527422  |d 2529352